Diseño, implementación y prueba de un interfaz gráfico con una cámara de video digital remota
Guardat en:
| Autor principal: | |
|---|---|
| Altres autors: | |
| Format: | Llibre |
| Idioma: | Spanish |
| Publicat: |
[San José], Costa Rica
2013
|
| Matèries: | |
| Etiquetes: |
Afegir etiqueta
Sense etiquetes, Sigues el primer a etiquetar aquest registre!
|
MARC
| LEADER | 00000nam a22000007a 4500 | ||
|---|---|---|---|
| 003 | 011829 | ||
| 005 | 20230816090107.0 | ||
| 008 | 150323b2013 cr a|||| |||| 00| 0 spa d | ||
| 040 | |c cru CEDI | ||
| 100 | |9 1062 |a Ríos Mejía, Diego Alberto, 1985- | ||
| 245 | |a Diseño, implementación y prueba de un interfaz gráfico con una cámara de video digital remota | ||
| 260 | |a [San José], Costa Rica |c 2013 | ||
| 300 | |a xvi, 103 páginas : ilustraciones (algunas a color) | ||
| 500 | |a Proyecto de graduación (bachillerato en ingeniería eléctrica)-- Universidad de Costa Rica. Facultad de Ingeniería. Escuela de Ingeniería Eléctrica | ||
| 501 | |a Profesor Guía de IE-0499 Proyecto Eléctrico: Dr.-Ing. Geovanni Martínez Castillo | ||
| 650 | |x VIDEO DIGITAL |x GRAFICOS POR COMPUTADORA |x PROCESAMIENTO DIGITAL DE IMAGENES |x PROGRAMAS PARA COMPUTADORA |x PROCESAMIENTO ELECTRONICO DE DATOS |9 655 | ||
| 700 | |9 1063 |a Martínez Castillo, Geovanni Arturo , 1965- |d Director del Proyecto Eléctrico | ||
| 942 | |c CEDI |h TFG 6998 |6 TFG_6998_000000000000000 | ||
| 999 | |c 13786 |d 13786 | ||
